Online
Catalog

Conversación con Buda : (Record no. 60265)

MARC details
000 -CABECERA
campo de control de longitud fija 01938nam a2200325 i 4500
003 - IDENTIFICADOR DEL NÚMERO DE CONTROL
campo de control DO-SdBNP
005 - FECHA Y HORA DE LA ÚLTIMA TRANSACCIÓN
campo de control 20260218132820.0
007 - CAMPO FIJO DE DESCRIPCIÓN FÍSICA--INFORMACIÓN GENERAL
campo de control de longitud fija ta
008 - DATOS DE LONGITUD FIJA--INFORMACIÓN GENERAL
campo de control de longitud fija 260209b2025 dr ||||| |||| 00| 0 spa d
020 ## - NÚMERO INTERNACIONAL ESTÁNDAR DEL LIBRO
Número Internacional Estándar del Libro 9789945952094
040 ## - FUENTE DE LA CATALOGACIÓN
Centro catalogador/agencia de origen DO-SdBNP
Lengua de catalogación spa
Centro/agencia transcriptor BNPHU
Normas de descripción rda
041 ## - CÓDIGO DE LENGUA
Código de lengua del texto/banda sonora o título independiente spa
082 #4 - NÚMERO DE LA CLASIFICACIÓN DECIMAL DEWEY
Número de clasificación 294.3444
Número de documento/Ítem M618c 2025
Número de edición 22
100 ## - ENTRADA PRINCIPAL--NOMBRE DE PERSONA
Nombre de persona Tsan, Miao
Término indicativo de función/relación autor
Código de función/relación aut.
9 (RLIN) 29850
245 10 - MENCIÓN DE TÍTULO
Título Conversación con Buda :
Resto del título perspectivas sobre el Sutra del Diamante /
Mención de responsabilidad, etc. Ven. Miao Tsan ; prefacio, Bhikkhu Shih Miao Tsan.
250 ## - MENCIÓN DE EDICIÓN
Mención de edición Segunda edición
264 #4 - PRODUCCIÓN, PUBLICACIÓN, DISTRIBUCIÓN, FABRICACIÓN Y COPYRIGHT
Producción, publicación, distribución, fabricación y copyright Santo Domingo, República Dominicana :
-- Garden State, CA, Estados Unidos :
Nombre del de productor, editor, distribuidor, fabricante Vairocana Zen Monastery,
Fecha de producción, publicación, distribución, fabricación o copyright ©2025.
300 ## - DESCRIPCIÓN FÍSICA
Extensión 256 páginas ;
Dimensiones 21 cm.
336 ## - TIPO DE CONTENIDO
Término de tipo de contenido texto
Código de tipo de contenido txt
Fuente rdacontent
337 ## - TIPO DE MEDIO
Nombre/término del tipo de medio sin mediación
Código del tipo de medio n
Fuente rdamedia
338 ## - TIPO DE SOPORTE
Nombre/término del tipo de soporte volumen
Código del tipo de soporte nc
Fuente rdacarrier
500 ## - NOTA GENERAL
Nota general Incluye datos biográficos del autor en la solapa de la cubierta.
520 ## - SUMARIO, ETC.
Sumario, etc. El Sutra del Diamante es la escritura fundamental del pensamiento prajna (sabiduría) del budismo, considerada desde tiempos antiguos como una puerta hacia la iluminación. Desde el maestro Huineng, el sexto patriarca del Chan, el budismo Zen ha utilizado el Sutra del Diamante como medio para iluminar la mente y realizar la verdadera naturaleza, estableciéndose así la base del pensamiento Chan en China. En esta obra, el Venerable Miao Tsan ofrece una interpretación profunda desde la perspectiva contemporánea del Zen, revelando la conexión entre la sabiduría prajna y la esencia de la mente. Este libro no es solo una exégesis del sutra, sino también un viaje hacia la introspección y el despertar espiritual, ideal para todo aquel que anhele descubrir la verdad.
590 ## - NOTA LOCAL (RLIN)
Nota local Inventariado, 2026 /LP
650 #7 - PUNTO DE ACCESO ADICIONAL DE MATERIA--TÉRMINO DE MATERIA
Término de materia o nombre geográfico como elemento de entrada Vida religiosa
Subdivisión general Budismo
Fuente del encabezamiento o término LIBRUNAM
9 (RLIN) 89053
650 #7 - PUNTO DE ACCESO ADICIONAL DE MATERIA--TÉRMINO DE MATERIA
Término de materia o nombre geográfico como elemento de entrada Budismo Zen
Subdivisión general Doctrina
Fuente del encabezamiento o término LIBRUNAM
9 (RLIN) 89054
650 #7 - PUNTO DE ACCESO ADICIONAL DE MATERIA--TÉRMINO DE MATERIA
Término de materia o nombre geográfico como elemento de entrada Budismo Zen
Subdivisión general Doctrina
9 (RLIN) 89055
910 ## - DATOS DE OPCIÓN DEL USUARIO (OCLC)
Datos de opción del usuario LP
942 ## - ELEMENTOS DE PUNTO DE ACCESO ADICIONAL (KOHA)
Fuente del sistema de clasificación o colocación Dewey Decimal Classification
Tipo de ítem Koha Libro
Holdings
Estado de retiro Estado de pérdida Fuente del sistema de clasificación o colocación Restricciones de uso No para préstamo Código de colección Localización permanente Ubicación/localización actual Ubicación en estantería Fecha de adquisición Fuente de adquisición Total de préstamos Signatura topográfica completa Código de barras Fecha visto por última vez Precio válido a partir de Tipo de ítem Koha Número de copia
    Dewey Decimal Classification Excluido de préstamo   Patrimonio Dominicano Biblioteca Nacional Pedro Henríquez Ureña Biblioteca Nacional Pedro Henríquez Ureña Depósito 07.11.2025 Donado por Yudellis Espinal   BNPHU PD 294.3444 M618c 2025 2026-0884 09.02.2026 09.02.2026 Libro  
    Dewey Decimal Classification Excluido de préstamo   Patrimonio Dominicano Biblioteca Nacional Pedro Henríquez Ureña Biblioteca Nacional Pedro Henríquez Ureña Depósito 07.11.2025 Donado por Yudellis Espinal   BNPHU PD 294.3444 M618c 2025 2026-0885 09.02.2026 09.02.2026 Libro e.2
    Dewey Decimal Classification Préstamo en sala   Dominicana de Servicio Biblioteca Nacional Pedro Henríquez Ureña Biblioteca Nacional Pedro Henríquez Ureña Depósito 07.11.2025 Donado por Yudellis Espinal   BNPHU DS 294.3444 M618c 2025 2026-0886 09.02.2026 09.02.2026 Libro e.3
    Dewey Decimal Classification Préstamo en sala   Dominicana de Servicio Biblioteca Nacional Pedro Henríquez Ureña Biblioteca Nacional Pedro Henríquez Ureña Depósito 07.11.2025 Donado por Yudellis Espinal   BNPHU DS 294.3444 M618c 2025 2026-0887 09.02.2026 09.02.2026 Libro e.4
    Dewey Decimal Classification Préstamo en sala   Dominicana de Servicio Biblioteca Nacional Pedro Henríquez Ureña Biblioteca Nacional Pedro Henríquez Ureña Depósito 07.11.2025 Donado por Yudellis Espinal   BNPHU DS 294.3444 M618c 2025 2026-0888 09.02.2026 09.02.2026 Libro e.5

Powered by Koha